000 01184 aa a2200229 4500
005 20120413112841.0
010 _a
020 _c500.00
_a818018045x
035 _a B-207299
037 _bD.B.Act / ven
082 _a350.00092
100 _aकटारिया, सुरेन्द्र
_945031
245 _aप्रशासनिक चिन्तक
_cसुरेन्द्र कटारिया तथा सौरभ कटारिया
246 _aParshasnik Chintak
_bby Surinder Katariya
250 _a3रा संस्क
260 _aदिल्ली
_bनेशनल पब्लिशिंग हाउस
_c2005
270 _a337, चौ़ड़ा रास्ता
_bजयपुर
_e302003
_k0141-2575258, 2577548
_l0141-2396758
_mnationall@datainfosys.net
300 _a415पृ
_c22सेमी (अजिल्द)
500 _aSame Pub से 2005 में आई है
942 _adpl
_cHN
_k350.00092 / कटारि
_2ddc
_h350.00092
_mकटारि
999 _c64942
_d64942